[Event "Lugano op"]
[Site "Lugano"]
[Date "2004.10.30"]
[Round "2"]
[White "Sorgenfrei, Jens"]
[Black "Haldi, Andreas"]
[Result "1-0"]
[WhiteElo "1628"]
[BlackElo "1833"]
[PlyCount "45"]
[EventDate "2004.10.30"]
[EventType "swiss"]
[EventRounds "6"]
[EventCountry "SUI"]
[SourceTitle "EXT 2007"]
[Source "ChessBase"]
[SourceDate "2006.11.23"]
[SourceVersion "1"]
[SourceVersionDate "2006.11.23"]
[SourceQuality "1"]

1. e4 d5 2. exd5 Qxd5 3. Nc3 Qa5 4. d4 Nf6 5. Nf3 Bg4 6. h3 Bh5 7. Be2 c6 8. 0-0 e6 9. Ne5 Bg6 10. Nxg6 hxg6 11. Bf3 Nbd7 12. Bf4 Nh5 13. Bh2 Ndf6 14. a3 Qg5 15. Qc1 Qf5 16. Re1 Nd7 17. d5 cxd5 18. Nxd5 0-0-0 19. Nc3 Ndf6 20. Re5 Qxe5 21. Bxe5 Nd7 22. Bh2 Nhf6 23. Nb5 1-0